01522cam a2200361 a 4500001000200000003000900002005001700011007000200028008004000030010000600070020001800076040002200094082002300116100000600139111007800145245012700223246002300350260007100373300002700444490001500471500007900486505018600565563006400751650006000815650002400875650002900899650000600928700003000934700004900964700005401013700004701067700004601114 DO-SdBNP20220304102504.0 020930s2017 dr a 000 1 spa  a  a9789945503128 aBPMSUcspabBPMSU aRD863.5bF356v2221 a  4aFeria Regional del Libro n(13 :d2017 : cAzua, República Dominicana )10aVoces del sur :bcuentos ganadores del Certamen Regional para Talleres Literarios /cYaina Melisa Rodríguez ...[y otros]13aVoces del Sur 2017 aSanto Domingo :bMinisterio de Cultura ;bEditora Nacional,c 2017 a40, 16 p. ;c21 cm.b 0 aNarrativa  aJurado : Emilia Pereyra Pérez, Noé Zayas Pérez y Willian Mejía 3 0 aUn juego de azar /Yaina Melisa Rodríguez -- Cópula diabólica / Carlos Tomás Sención --Lágrimas de tinta / Andreidy Sánchez -- Las barbas de papá Noel / Ariel Ortiz. aDos obras encuadernadas juntas con paginación invertidas  4aCertámenes literarios zAzua (República Dominicana) 4aCuentos Dominicanos 4aLiteratura dominicanav  4a 1 a Díz, Pircilio d1959 -1 aRodríguez, Yaina MelisatUn juego de azar 1 a Sención, Carlos TomástCópula diabólica 1 aSánchez, Andreidy tLágrimas de tinta 1 aOrtiz, ArieltLas barbas de papá Noel